MARC

LEADER 00000nam0a2200000 4500
001 315885
005 20231102002824.0
020 |a RU  |b 82-67306 
035 |a (RuTPU)RU\TPU\book\341322 
090 |a 315885 
100 |a 20160311d1982 km y0rusy5003 ca 
101 0 |a rus 
102 |a UA 
105 |a a z 001zy 
200 1 |a Расчет вероятностных характеристик систем  |f И. Н. Коваленко 
210 |a Киев  |c Технiка  |d 1982 
215 |a 96 с.  |c граф. 
320 |a Библиогр.: с. 93-95 
606 1 |a Технические системы  |x Расчет  |2 stltpush  |3 (RuTPU)RU\TPU\subj\60079  |9 77569 
610 1 |a вероятностные характеристики 
610 1 |a марковские модели 
610 1 |a малые параметры 
610 1 |a методы 
610 1 |a сложные системы 
610 1 |a моделирование 
675 |a 681.51.001.2  |z rus  |v 3 
700 1 |a Коваленко  |b И. Н.  |g Игорь Николаевич  |4 070 
801 0 |a RU  |b RuMRKP  |c 19950704  |g psbo 
801 1 |a RU  |b 63413507  |c 20160311 
801 2 |a RU  |b 63413507  |c 20191224  |g RCR 
942 |c BK